[Event "9th Hainan Danzhou GM 2018"]
[Site "Danzhou"]
[Date "2018.08.01"]
[Round "5"]
[White "Vidit, Santosh Gujrathi"]
[Black "Bu, Xiangzhi"]
[Result "1/2-1/2"]
[WhiteElo "2718"]
[BlackElo "2712"]
[Annotator "TA"]
[PlyCount "98"]
[EventDate "2018.07.27"]
[EventType "tourn"]
[EventCountry "CHN"]
[SourceTitle "playchess.com"]
[Source "ChessBase"]
[SourceQuality "1"]

{[%evp 24,98,27,25,23,22,30,28,18,30,22,31,23,14,16,0,6,6,7,3,0,0,6,0,15,15,25,25,18,11,17,0,7,0,0,0,0,0,0,0,13,0,0,0,0,0,0,0,0,0,0,0,0,0,0,0,0,0,0,0,0,0,0,0,0,0,0,0,0,0,0,0,0,0,0,0,0]} 1. d4 Nf6 2. c4 e6 3. g3 d5 4. Bg2 dxc4 5. Nf3 Nc6 6. Qa4 Bb4+ 7. Bd2 Nd5 8. Bxb4 Ndxb4 9. O-O Rb8 10. Na3 {E04: Open Catalan: 5 Nf3} O-O 11. Qb5 b6 12. Qxc4 Ba6 13. Nb5 {LiveBook: 66 Games} Qe8 (13... Qd5 14. Qxd5 Nxd5 15. a4 Na5 16. Ne5 Rbd8 17. Bxd5 Bxb5 18. axb5 Rxd5 {½-½ (26) Wang,Y (2679)-Bu,X (2718) Hangzhou 2018}) 14. Rfc1 Nd5 {[#] ...Na5 is the strong threat.} 15. Qxc6 Qxc6 16. Rxc6 Bxb5 17. Rc2 Rfc8 18. h4 $146 g6 19. b3 c5 20. dxc5 Nb4 21. Rd2 Rxc5 22. a3 Nd5 23. Nd4 {[#] Threatens to win with b4.} Bd7 24. b4 Rc3 25. Bxd5 exd5 {[%cal Be6d5,Bd5d4][%mdl 32]} 26. Nc2 {The position is equal.} Bb5 27. Ne3 d4 $1 {[%cal Rd4e3]} 28. Nd5 Rc4 29. a4 Be8 30. b5 Kg7 31. f3 h6 {[%cal Bh7h6,Bh6g5][%mdl 32]} 32. Nf4 Rbc8 33. Kf2 g5 34. hxg5 hxg5 35. Nd3 f6 36. a5 Rc2 37. Rxc2 Rxc2 38. axb6 axb6 $11 {[%mdl 4096] Endgame KRB-KRN} 39. Ra7+ Kg6 40. Ra4 Bxb5 41. Rxd4 Bxd3 42. Rxd3 {KR-KR} Rb2 43. g4 b5 44. Rd7 Rb3 45. Rb7 b4 46. Ke1 Rb2 47. Kf2 Rb3 48. Ke1 Rb2 49. Kf2 Rb3 {Precision: White = 69%, Black = 83%.} 1/2-1/2

[Event "9th Hainan Danzhou GM 2018"]
[Site "Danzhou"]
[Date "2018.08.01"]
[Round "5"]
[White "Fedoseev, Vladimir"]
[Black "Shankland, Samuel L"]
[Result "1/2-1/2"]
[WhiteElo "2707"]
[BlackElo "2727"]
[Annotator "TA"]
[PlyCount "154"]
[EventDate "2018.07.27"]
[EventType "tourn"]
[EventCountry "CHN"]
[SourceTitle "playchess.com"]
[Source "ChessBase"]
[SourceQuality "1"]

{[%evp 12,154,28,0,25,22,17,24,36,18,24,17,30,22,14,13,8,8,14,11,7,20,6,9,21,10,47,33,82,45,73,74,70,72,72,87,112,110,129,129,129,128,128,126,128,121,124,95,101,77,103,51,55,35,63,60,85,85,82,91,118,118,118,118,122,126,119,108,113,92,91,24,24,24,24,24,24,8,26,8,8,8,8,8,8,8,8,7,7,0,8,8,8,2,8,8,27,8,8,8,8,8,8,8,8,8,8,8,8,0,8,8,8,8,8,8,8,0,8,0,0,0,0,0,0,0,0,0,0,0,0,0,0,0,0,0,0,0,0,0,0,0,0,0,0]} 1. d4 Nf6 2. c4 e6 3. Nf3 d5 4. g3 dxc4 5. Bg2 Bb4+ 6. Bd2 a5 7. a3 {LiveBook: 33 Partien. E04: Katalanisch} Bd6 8. Qa4+ Nc6 9. O-O (9. Qxc4 O-O 10. Bc3 Qe8 11. Ne5 Nd5 12. Nxc6 bxc6 13. Qd3 Ba6 14. Qc2 c5 15. dxc5 Bxc5 16. O-O Bb6 {½-½ (16) Wojtaszek,R (2738)-Korobov,A (2664) Batumi 2018}) 9... O-O 10. Qxc4 e5 11. dxe5 $146 ({Vorgänger:} 11. d5 Nb8 12. Nc3 Nbd7 13. Rfd1 Qe8 14. Ng5 b6 {½-½ (56) Tsolakidou,S (2423)-Georgiadis,I (2465) Rio Achaea 2018}) 11... Nxe5 12. Nxe5 Bxe5 13. Qc2 c6 14. Bc3 Qe7 15. Rd1 Re8 16. Bxe5 Qxe5 17. Nc3 Be6 18. Rd2 Nd7 19. Rad1 Nb6 20. Rd4 a4 21. Qd3 Bb3 22. Rc1 Qe7 23. Ne4 Bd5 24. Rb4 Nc8 25. Nc5 Bxg2 26. Kxg2 {[#] Te4 ist eine echte Drohung.} Nd6 27. Rd4 ({Bloß nicht} 27. Rxa4 $6 Rxa4 28. Nxa4 Qxe2 $14) 27... Nb5 28. Re4 ({Finger weg von} 28. Rxa4 $6 Rxa4 29. Nxa4 Qxe2 $14) 28... Qg5 29. e3 Rxe4 30. Nxe4 Qe5 31. Rd1 (31. Rc5 $16 Qe7 32. Rc4) 31... Nc7 $14 32. Qc2 Nd5 33. Rd4 g6 34. Nd2 f5 35. Nb1 Qf6 36. Nc3 Nxc3 37. Qxc3 $16 {[%mdl 4096] Endspiel KDT-KDT} Qe6 38. Qc5 b5 39. Rd6 Qe4+ 40. f3 Qc4 {[#]} 41. Qxc6 (41. Qxc4+ $1 $16 bxc4 42. Rxc6) 41... Qxc6 $11 42. Rxc6 $16 {KT-KT} Rd8 43. Rc2 Rd3 44. Kf2 Rb3 45. g4 fxg4 46. fxg4 Kf7 47. Kf3 b4 48. axb4 Rxb4 49. h3 Kf6 50. h4 h6 51. Rc6+ Kf7 52. Ra6 Kg7 53. Ra7+ Kf6 54. Ra5 Kf7 {Die Stellung ist ausgeglichen.} 55. e4 g5 56. hxg5 hxg5 57. Rxg5 {zielt auf Tf5+ ab.} Rxb2 58. Ra5 Ra2 59. Kf4 a3 60. Kg5 Re2 61. Ra7+ Kf8 62. Kf5 ({Keinesfalls} 62. Rxa3 $6 Rxe4 63. Ra6 Kg7 $16) 62... a2 63. g5 Rf2+ 64. Kg6 Re2 65. e5 Rf2 66. Ra5 Rg2 67. Kf6 {[%cal Ra5a8]} Rf2+ 68. Ke6 Re2 69. Ra7 Rf2 70. g6 {[%cal Bg5g6,Bg6g7][%mdl 32]} Rg2 71. g7+ Kg8 72. Kd5 Rd2+ 73. Ke4 Re2+ 74. Kd4 Rd2+ 75. Ke3 Rg2 76. Kd3 Rf2 77. Kc4 Re2 {Precision: Weiß = 58%, Schwarz = 69%.} 1/2-1/2

[Event "9th Hainan Danzhou GM 2018"]
[Site "Danzhou"]
[Date "2018.08.02"]
[Round "6"]
[White "Yu, Yangyi"]
[Black "Fedoseev, Vladimir"]
[Result "1-0"]
[WhiteElo "2762"]
[BlackElo "2707"]
[Annotator "TA"]
[PlyCount "137"]
[EventDate "2018.07.27"]
[EventType "tourn"]
[EventCountry "CHN"]
[SourceTitle "playchess.com"]
[Source "ChessBase"]
[SourceQuality "1"]

{[%evp 15,137,13,42,45,31,48,50,44,42,34,20,33,34,38,102,117,134,99,114,93,313,312,286,316,297,299,389,381,399,389,364,370,381,374,360,305,291,281,304,292,295,287,293,199,209,188,204,190,210,172,223,230,230,215,229,228,230,211,236,227,244,237,229,225,250,245,252,245,267,222,220,212,268,260,262,258,264,247,251,245,269,266,256,259,314,308,216,300,305,307,294,285,521,516,490,461,490,455,446,445,652,627,702,689,12838,12838,12843,12843,12844,12844,12845,12845,12845,12846,12846,12846,12846,12846,12847,12848,12849,12849,12850,12850]} 1. d4 d5 2. c4 e6 3. Nc3 a6 4. cxd5 exd5 5. Bf4 Nf6 6. e3 {D31: Queen's Gambit Declined: Semi-Slav without ...Nf6 (+ Marshall Gambit and Noteboom) and Exchange Variation lines without ...Nf6} Bd6 7. Bg5 Be6 8. Bd3 Nbd7 {LiveBook: 10 Games} 9. f4 $146 ({Predecessor:} 9. Nge2 h6 10. Bh4 Qe7 11. Qc2 Rc8 12. h3 c5 13. dxc5 Rxc5 {½-½ (26) Mchedlishvili,M (2600)-Berkes,F (2671) Batumi 2018}) 9... h6 10. Bh4 $1 g5 11. fxg5 hxg5 12. Bxg5 Rxh2 13. Rxh2 Bxh2 14. Nge2 {[%cal Bg1e2,Be2f4,Bf4h5,Bh5f6][%mdl 32]} Bd6 (14... Qe7 $14) 15. Nf4 $16 c5 16. Nh5 cxd4 17. exd4 {Hoping for Qf3.} Qe7 $2 (17... Bg4 $16 {is a better defense.} 18. Qxg4 (18. Nxf6+ Nxf6 19. Qb3 b5 $14) 18... Nxg4 19. Bxd8 Rxd8) 18. Kf1 $18 O-O-O {Black wants to play ...Rh8.} 19. Nxf6 Rh8 20. Qc2 ({Not} 20. Ncxd5 Bxd5 21. Nxd5 Qxg5 $16) 20... Kd8 {aiming for ...Rh1+.} 21. Nfe4 f6 22. Nxd6 Qxd6 23. Be3 Qg3 24. Bg1 Rh1 {White should prevent ...Qe3.} 25. Ne2 {[%cal Bc3e2,Be2g1,Bg1f3][%mdl 32]} Qe3 {( -> ...Bg4)} 26. Bf5 $1 {[%cal Rf5e6]} ({But not} 26. Rc1 $2 Bg4 $19) 26... Nb6 {intending ...Nc4.} 27. b3 {And now Bxe6 would win.} Rxg1+ 28. Nxg1 Qxd4 29. Rd1 (29. Bxe6 Qxa1+ 30. Kf2 Qd4+ 31. Kf1 Qa1+ 32. Kf2 Qd4+ 33. Kf1 Qa1+ $11) 29... Bxf5 30. Rxd4 Bxc2 {[%mdl 4096] Endgame KRN-KBN} 31. Nf3 Kc7 32. Kf2 Kd6 (32... Be4 {keeps fighting.} 33. Nd2 Bc2) 33. Rg4 Nd7 34. Rg7 Bb1 {[#]} 35. a3 $1 Be4 36. Nd4 b6 37. Ke3 a5 38. g3 Ne5 39. Rg8 Kd7 40. Rb8 Kc7 41. Re8 Kd6 42. Rc8 Kd7 43. Rf8 Kc7 44. Kd2 Nd7 45. Re8 Nc5 46. Ke3 Bg6 47. Rg8 Be4 48. Rf8 Nd7 49. Re8 Nc5 50. b4 axb4 51. axb4 Kd7 52. Rg8 ({Weaker is} 52. bxc5 Kxe8 53. cxb6 Kd7 $11) 52... Nd3 53. Rg7+ Kc8 $2 (53... Ke8 54. Rb7 Ne5) 54. Nc6 {White is clearly winning.} Ne1 55. g4 Nc2+ 56. Kf4 Bg2 57. Rh7 b5 (57... Bf1 $142 58. Rf7 d4 59. Rxf6 d3) 58. Rh2 Ne1 59. Kf5 Nf3 60. Rxg2 Nh4+ 61. Kxf6 Nxg2 {KN-KN} 62. g5 {[%cal Bg4g5,Bg5g6,Bg6g7][%mdl 32]} Kd7 63. g6 {White wants to mate with Ne5+.} Nf4 {[#]} 64. Nd4 $1 Nh5+ 65. Kg5 Ng7 66. Nf5 Ne6+ 67. Kf6 Nc7 68. g7 Ne8+ 69. Ke5 {Precision: White = 95%, Black = 43%.} 1-0

[Event "9th Hainan Danzhou GM 2018"]
[Site "Danzhou"]
[Date "2018.08.02"]
[Round "6"]
[White "Wei, Yi"]
[Black "Vidit, Santosh Gujrathi"]
[Result "1/2-1/2"]
[WhiteElo "2729"]
[BlackElo "2718"]
[Annotator "TA"]
[PlyCount "82"]
[EventDate "2018.07.27"]
[EventType "tourn"]
[EventCountry "CHN"]
[SourceTitle "playchess.com"]
[Source "ChessBase"]
[SourceQuality "1"]

{[%evp 37,82,12,9,9,12,9,2,6,2,5,4,4,1,4,5,5,4,7,3,15,18,16,21,23,22,12,32,32,90,87,98,34,34,34,91,91,91,91,91,32,67,32,32,31,31,19,19]} 1. e4 {Pavlovic,M} e5 2. Nf3 Nc6 3. Bb5 a6 4. Ba4 Nf6 5. O-O Nxe4 6. d4 b5 7. Bb3 d5 8. dxe5 Be6 9. Qe2 Be7 10. Rd1 O-O 11. c4 bxc4 12. Bxc4 Bc5 13. Be3 Bxe3 14. Qxe3 Qb8 15. Bb3 Na5 {C81: Spanische Partie (Offene Verteidigung/Keres System)} 16. Nd4 c5 17. Nxe6 fxe6 18. f3 c4 19. fxe4 cxb3 {LiveBook: 5 Partien} 20. exd5 {Schwarz sollte axb3 verhindern.} bxa2 21. Rxa2 Nc4 22. Qd4 Qb3 $132 {[%mdl 2048] Schwarz puts up resistance} 23. Nc3 {[#] und nun wäre h3 stark für Weiss.} Rac8 $146 24. Rb1 ({Keinesfalls} 24. dxe6 $6 Nxb2 25. Rb1 Qxc3 $16) 24... Nd2 25. Qxd2 Rxc3 $1 26. Qxc3 Qxa2 $11 {[%mdl 4096] Endspiel KDT-KDT} 27. Rd1 {[#] Und d6 würde nun gewinnen.} exd5 28. Qd4 Qc4 {Und weiter mit ...Tf1+! wäre nett.} 29. Qxd5+ Qxd5 30. Rxd5 {KT-KT} Re8 31. Rd6 Rxe5 32. Rxa6 Re2 (32... Rb5 $14) 33. Rb6 $16 h5 34. h4 (34. b4 $16) 34... Re4 $14 35. g3 Re3 (35... Re2 $14) 36. Kf2 $16 Rd3 37. Rb5 Kf7 {[#]} 38. b4 (38. Rf5+ $1 $16 Ke6 39. Rg5 (39. Rxh5 Rb3 $16)) 38... Rb3 $14 39. Rf5+ Ke6 $1 {[%cal Re6f5]} 40. Rg5 Rxb4 41. Rxg7 {Droht Tg6+ und aus.} Rb5 $1 {Precision: Weiß = 43%, Schwarz = 72%.} 1/2-1/2

[Event "9th Hainan Danzhou GM 2018"]
[Site "Danzhou"]
[Date "2018.08.02"]
[Round "6"]
[White "Le, Quang Liem"]
[Black "Shankland, Samuel L"]
[Result "1-0"]
[WhiteElo "2728"]
[BlackElo "2727"]
[Annotator "TA"]
[PlyCount "77"]
[EventDate "2018.07.27"]
[EventType "tourn"]
[EventCountry "CHN"]
[SourceTitle "playchess.com"]
[Source "ChessBase"]
[SourceQuality "1"]

{[%evp 14,77,13,12,18,18,11,16,21,0,0,0,0,0,0,0,14,14,6,7,8,0,7,14,0,0,12,0,0,0,15,0,16,14,31,25,19,26,31,-50,-45,-75,0,0,0,0,0,0,0,0,0,0,142,141,118,109,112,97,263,293,343,353,5115,5645,1562,1513]} 1. d4 Nf6 2. c4 e6 3. Nf3 b6 4. g3 Bb7 5. Bg2 Bb4+ 6. Bd2 Be7 7. Nc3 c6 8. Bf4 {LiveBook: 4 Games. E16: Queen's Indian: 4 g3 Bb7 5 Bg2 Bb4+} d5 9. cxd5 Nxd5 $146 ({Predecessor:} 9... cxd5 10. Nb5 Na6 11. O-O O-O 12. Rc1 Ne4 13. h4 Nd6 14. a4 Nc4 15. Ne5 Na5 16. Bh3 Qe8 17. h5 Nc6 18. h6 g5 19. e4 dxe4 20. Nxc6 Bxc6 21. Bxg5 Bxg5 {½-½ (66) Bacrot,E (2717)-Ivanchuk,V (2729) Morelia/Linares 2006}) 10. O-O {The position is equal.} O-O 11. Qc2 Nxf4 12. gxf4 Nd7 13. Rfd1 Qc7 14. e3 Rfd8 15. Rac1 Rac8 16. f5 exf5 17. Qxf5 g6 18. Qh3 c5 19. d5 {d6! is the strong threat.} Bf6 20. Nd2 Qb8 21. Nde4 Bg7 22. Rc2 Nf8 23. Rcd2 Rd7 24. Qh4 Qe5 25. f4 Qe8 26. Kh1 ({White should play} 26. Nf6+ $14 Bxf6 27. Qxf6) 26... f5 $15 27. Ng5 {[%cal Be4g5,Bg5f3,Bf3e5][%mdl 32]} Bxc3 (27... h6 $17 28. Nf3 Rcd8) 28. bxc3 $11 Qxe3 29. Nf3 $1 Qxc3 30. Ne5 $36 {[%mdl 2048] Black is under pressure.} Rg7 31. Qf6 {Black must now prevent d6.} Re8 {Threatens to win with ...Qe3.} 32. Re2 Qb4 {[#]} (32... Ree7 $11) 33. Ng4 $1 $16 {[%cal Rg4h6][%mdl 512]} fxg4 34. Rxe8 {[%csl Gf6][%cal Re8f8]} Rf7 35. Qe6 {[%mdl 1024] White has strong compensation.} c4 $2 {[#]} (35... Qa4 $16 {keeps fighting.} 36. Re1 Qd4) 36. Rf1 $1 $18 ({Less strong is} 36. Qxg4 c3 $14) 36... c3 {[#]} 37. f5 $1 {[%cal Rf5g6,Bf4f5,Bf5f6][%mdl 32]} ({Inferior is} 37. Qxg4 Qb2 $11) 37... Kg7 $2 (37... gxf5 38. a3 Qb3) 38. f6+ Kg8 {[#]} 39. Qe7 $1 {[%mdl 512] Precision: White = 68%, Black = 54%.} 1-0

[Event "9th Hainan Danzhou GM 2018"]
[Site "Danzhou"]
[Date "2018.08.02"]
[Round "6"]
[White "Bu, Xiangzhi"]
[Black "Duda, Jan Krzysztof"]
[Result "0-1"]
[WhiteElo "2712"]
[BlackElo "2737"]
[Annotator "TA"]
[PlyCount "109"]
[EventDate "2018.07.27"]
[EventType "tourn"]
[EventCountry "CHN"]
[SourceTitle "playchess.com"]
[Source "ChessBase"]
[SourceQuality "1"]

{[%evp 18,109,-7,-15,15,6,10,0,17,5,49,49,102,102,127,65,62,61,70,72,86,90,71,54,56,0,45,-26,-30,-23,-21,-31,-20,-21,-8,-18,-22,-143,-108,-125,-80,-551,-213,-207,-213,-209,-214,-185,-158,-155,-110,-109,-106,-109,-115,-112,-119,-141,-156,-196,-169,-169,-169,-170,-170,-230,-224,-265,-262,-261,-255,-291,-255,-403,-405,-544,-535,-474,-347,-358,-331,-616,-614,-574,-534,-616,-637,-12842,-12843,-12842,-12843,-12844,-12845,-12850]} 1. c4 Nf6 2. Nc3 e6 3. d4 Bb4 4. Qc2 O-O 5. a3 Bxc3+ 6. Qxc3 d5 7. Nf3 dxc4 8. Qxc4 b6 9. g3 {E36: Nimzo-Indian: Classical: 4...d5 5 a3} (9. Bg5 Ba6 10. Qa4 Qd7 11. Qc2 c5 12. Bxf6 gxf6 13. Rd1 Qe7 14. g3 Bb7 15. Bg2 Rd8 16. O-O Nd7 {½-½ (30) Mamedyarov,S (2808)-Caruana,F (2816) Paris 2018}) 9... Ba6 10. Qa4 {LiveBook: 3 Games} Qc8 $146 ({Predecessor:} 10... Qd7 11. Qxd7 Nbxd7 12. Bg5 c5 13. Bg2 Rac8 14. Rd1 h6 15. Bxf6 Nxf6 16. dxc5 Rxc5 {½-½ (58) Peng,Z (2352)-Ratsma,R (2265) Amsterdam 2018}) 11. Bg2 {The position is equal.} c5 12. Bg5 {Bxf6 is the strong threat.} Nbd7 13. Rc1 Qb7 14. O-O {Threatens to win with Ne5.} Nd5 (14... Bxe2 $14 15. Ne5 Qa6 16. Qxa6 Bxa6) 15. Rfe1 $1 $16 b5 16. Qc2 (16. Qd1 $16) 16... Rac8 $14 17. Qd2 c4 18. e4 N5b6 19. h4 Qa8 20. d5 Nc5 21. Bf6 Nbd7 22. e5 (22. Bc3 $14) 22... Nxf6 $11 ({Wrong is} 22... gxf6 $2 23. exf6 Qxd5 24. Qh6 $18) 23. exf6 {Threatening mate with Qg5.} Qxd5 24. fxg7 Rfd8 $1 25. Qh6 Bb7 {Hoping for ...Nd3.} 26. Re5 Qd3 27. Rc3 (27. Nh2 $1 $11 Qd2 28. Qxd2 Rxd2 29. Bxb7 Nxb7 30. Rxb5) 27... Qb1+ 28. Kh2 Ne4 $36 {[%mdl 2048] Black is in control.} 29. Rc1 $2 {[%mdl 8192]} (29. Rxb5 Nxf2 30. Qh5 Rd1) (29. Qf4 $17 Nxc3 30. bxc3) 29... Nxf2 $2 (29... Qxb2 30. Ng5 Nxg5 31. Bxb7 Qxe5 32. hxg5 Rc5) 30. Rxb1 $19 Ng4+ 31. Kg1 Nxh6 32. Rxb5 c3 33. bxc3 ({Don't go for} 33. Rxb7 $2 c2 $19) 33... Bxf3 34. Bxf3 Rxc3 35. R5b3 Rdd3 36. Rxc3 Rxc3 $17 {[%mdl 4096] Endgame KRB-KRN} 37. Kg2 Rxa3 38. g4 Kxg7 39. Rb7 {[#]} a5 $1 {[%cal Ba7a5,Ba5a4,Ba4a3][%mdl 32]} 40. Ra7 {[#]} a4 $1 41. Kf2 (41. Kg3 $142) 41... Ra2+ $19 42. Ke3 a3 43. Be2 Rb2 44. h5 Rb4 45. g5 (45. Kd2 {was necessary.}) 45... Nf5+ 46. Kd2 Rb2+ 47. Kd3 Rb3+ 48. Kc4 Rg3 49. g6 $2 (49. Ra8 Rxg5 50. Rxa3) 49... hxg6 {Black is clearly winning.} 50. hxg6 Kxg6 51. Bd3 Kf6 52. Rxa3 Nd6+ 53. Kb4 e5 {[%cal Be6e5,Be5e4][%mdl 32]} 54. Kc5 e4 55. Kd4 {Precision: White = 50%, Black = 63%.} 0-1

[Event "9th Hainan Danzhou GM 2018"]
[Site "Danzhou"]
[Date "2018.08.03"]
[Round "7"]
[White "Duda, Jan-Krzysztof"]
[Black "Wei, Yi"]
[Result "0-1"]
[WhiteElo "2737"]
[BlackElo "2729"]
[Annotator "TA"]
[PlyCount "87"]
[EventDate "2018.07.27"]
[EventType "tourn"]
[EventCountry "CHN"]
[SourceTitle "playchess.com"]
[Source "ChessBase"]
[SourceQuality "1"]

{[%evp 14,87,0,-9,-3,-41,-7,-31,-58,-75,-90,-84,-77,-75,-78,-78,-78,-78,-75,-78,-86,-83,-72,-131,-131,-128,-110,-115,-96,-93,-76,-75,-82,-74,-70,-101,-16,-16,-8,-15,0,-141,-122,-208,-234,-241,-195,-156,-191,-156,-149,-208,-192,-197,-199,-462,-450,-459,-464,-459,-456,-426,-430,-426,-422,-644,-638,-915,-908,-831,-697,-686,-682,-29990,-29991,-29999]} 1. c4 {Marin,M} e6 2. Nc3 Nf6 3. e4 {[%cal Be2e4,Be4e5][%mdl 32]} d5 4. e5 d4 5. exf6 dxc3 6. dxc3 {A18: English Opening: Flohr-Mikenas System (1 c4 Nf6 2 Nc3 e6 3 e4)} Qxd1+ 7. Kxd1 gxf6 8. g3 {LiveBook: 4 Games. The position is equal.} Nc6 $146 ({Predecessor:} 8... Bd7 9. Bg2 Bc6 10. Bf3 Bxf3+ 11. Nxf3 Nc6 12. Ke2 Ne5 13. Nxe5 fxe5 {1-0 (57) Jobava,B (2661)-Wojtaszek,R (2722) Gjakova 2016 CBM 173 [Marin,M]}) 9. Ke2 h5 10. b3 a5 {[%cal Ba7a5,Ba5a4][%mdl 32]} 11. Bg2 a4 {aiming for ...axb3.} 12. b4 Ne5 13. c5 Bd7 {White must now prevent ...Bb5+.} 14. c4 O-O-O 15. Bb2 Bg7 16. Bxe5 fxe5 17. Rd1 f5 18. Nf3 (18. h4 $142) 18... Bf6 $1 $17 19. h4 Bc6 20. Rxd8+ Rxd8 21. Rc1 e4 22. Ng5 Rd4 {...Rxc4! is the strong threat.} 23. Bf1 Bd7 24. Ke3 {[#]} e5 ({Black should play} 24... Kd8 $1 $17) 25. Be2 $11 Be8 26. Ne6 Rd7 27. Rd1 (27. a3 $11 {keeps the balance.}) 27... a3 {And now ...Rxd1 would win.} 28. Rb1 (28. Rg1 $17) 28... Bf7 $19 29. Ng5 Bg6 30. Rd1 Rd4 31. Nh3 Bg7 32. Rc1 (32. Ng5 $17) 32... Kd7 33. Rc3 Bh6+ 34. Ng5 $2 {[#]} (34. f4 exf3+ 35. Kxf3) 34... f4+ $1 {[%mdl 512]} 35. gxf4 exf4+ 36. Kxf4 {Threatens to win with Ke3.} Rd2 $1 {[%csl LRa2,LRe2]} 37. Bxh5 Bxh5 38. Rxa3 Rxf2+ 39. Kxe4 (39. Kg3 $142 Re2 40. Kf4) 39... Bg6+ 40. Kd4 Re2 41. c6+ Kxc6 {[%cal Rh6g7]} 42. b5+ Kb6 {( -> ...Bg7+)} 43. Kd5 c6+ 44. Kd4 {Precision: White = 42%, Black = 78%.} 0-1

[Event "9th Hainan Danzhou GM 2018"]
[Site "Danzhou"]
[Date "2018.08.03"]
[Round "7"]
[White "Shankland, Samuel"]
[Black "Yu, Yangyi"]
[Result "1/2-1/2"]
[WhiteElo "2727"]
[BlackElo "2762"]
[Annotator "TA"]
[PlyCount "76"]
[EventDate "2018.07.27"]
[EventType "tourn"]
[EventCountry "CHN"]
[SourceTitle "playchess.com"]
[Source "ChessBase"]
[SourceQuality "1"]

{[%evp 24,76,14,14,14,14,14,14,14,8,12,9,12,8,11,12,12,12,17,17,17,20,18,17,20,18,22,22,28,25,21,27,31,18,37,31,27,6,31,12,37,12,15,6,6,7,12,0,0,0,20,20,29,23,58]} 1. e4 e5 2. Nf3 Nf6 3. d4 Nxe4 4. Bd3 d5 5. Nxe5 Nd7 6. Nxd7 Bxd7 7. O-O Bd6 8. Qh5 Qf6 {C43: Petroff Defence: 3 d4} 9. Nc3 (9. Be3 O-O-O 10. Nc3 Nxc3 11. bxc3 Qe6 12. Rfe1 f6 13. Bd2 Qg8 14. Rab1 Kb8 15. h3 b6 16. Ba6 {1-0 (41) Ivanchuk,V (2728)-Giri,A (2772) Tbilisi 2017}) 9... Qxd4 10. Be3 Qe5 11. Qxe5+ Bxe5 12. Nxd5 Nf6 13. Rae1 {LiveBook: 15 Games. And now Bd4 would win.} Nxd5 14. Bd4 O-O-O 15. Bxe5 Nb4 16. Bxg7 Nxd3 17. cxd3 Rhg8 $146 18. Be5 Bc6 19. f3 Rxd3 20. Bg3 Re8 21. Rxe8+ Bxe8 $11 {[%mdl 4096] Endgame KRB-KRB} 22. Rc1 Bc6 23. Be5 Kd7 24. Rc4 Rd5 25. Bc3 Rf5 26. Rd4+ Ke7 27. a3 Bd7 28. Kf2 c5 29. Re4+ Be6 30. Ke3 Rd5 31. h3 b5 32. g4 f5 33. Rf4 fxg4 34. fxg4 h5 35. gxh5 Rxh5 36. h4 {[%cal Bh3h4,Bh4h5][%mdl 32]} Rf5 37. Rxf5 Bxf5 38. h5 Be6 {Precision: White = 63%, Black = 49%.} 1/2-1/2